| 000 | 01767nam a22002297a 4500 | ||
|---|---|---|---|
| 003 | GR-AtMCL | ||
| 005 | 20260108141433.0 | ||
| 008 | s2021 enka b 001 0 eng d | ||
| 020 | _a9781108710657 | ||
| 040 |
_aGR-AtMCL _dGR-AtMCL _bgre _eAACR2 |
||
| 245 | 0 | 0 |
_aIntroducing linguistics : _btheoretical and applied approaches / _cedited by Joyce Bruhn de Garavito, John W. Schwieter. |
| 260 |
_aCambridge : _bCambridge University Press, _c2021. |
||
| 300 |
_a621 p. : _bill. ; _c25 cm. |
||
| 504 | _aIncludes bibliographical references and index. | ||
| 520 | _aEverything we do involves language. Assuming no prior knowledge, this book offers students a contemporary introduction to the study of language. Each thought-provoking chapter is accessible to readers from a variety of fields, and is helpfully organized across six parts: sound; structure and meaning; language typologies and change; language and social aspects; language acquisition; and language, cognition, and the brain. The book's companion website also offers three brief chapters on language and computers; animal communication; and dialectal varieties of English. The chapters feature illustrative tables, figures and maps, along with three types of pedagogical boxes (Linguistic Tidbits; Pause and Reflect; and Eyes on World Languages) that break up text, contextualize information, and provide colourful accents that give real data from languages across the globe. Key words are bolded and defined in a glossary at the end of the book, while end-of-chapter summaries and practice exercises reinforce the key points discussed. | ||
| 650 | 0 |
_aLinguistics _910226 |
|
| 653 | _aTESOL | ||
| 700 | 1 | _aGaravito, Joyce Bruhn de | |
| 700 | 1 | _aSchwieter, John W. | |
| 942 | _cBK | ||
| 999 |
_c10019 _d10019 |
||